000 00733nam a22001937a 4500
003 OSt
005 20150706144019.0
008 150409b xxu||||| |||| 00| 0 eng d
040 _cBMC
082 _a670.42
100 1 _935026
_aEstrada Morales, Katya Elizabeth
245 1 0 _aPasantía en Alas Doradas S.A. de C.V.
_b: Informe final
_cKatia Elizabeth Estrada Morales
260 _aSanta Ana (El Salvador)
_bUniversidad Católica de El Salvador
_c2010
300 _a67 h.
_c28 cm
_e+ 1 disco compacto
500 _aPrecede al tít.: Universidad Católica de El Salvador, Facultad de Ingeniería y Arquitectura
502 _aPara optar al título de Ingeniera Industrial
650 2 4 _919919
_aIngeniería industrial
942 _2ddc
_cTG
999 _c21441
_d21441